| Tag |
First Indicator |
Second Indicator |
Subfields |
| LEADER |
00000cam a2200000 i 4500 |
| 001 |
in00003537539 |
| 005 |
20210430152253.0 |
| 006 |
m o d f |
| 007 |
cr m|||||||||| |
| 008 |
140610s2014 dcua ob f000 0 eng c |
| 035 |
|
|
|a (OCoLC)ocn881228379
|
| 042 |
|
|
|a pcc
|
| 043 |
|
|
|a n-us---
|
| 040 |
|
|
|a AWC
|b eng
|e rda
|e pn
|c AWC
|d OCLCF
|d GPO
|d MvI
|
| 049 |
|
|
|a WWW
|
| 074 |
|
|
|a 0546-D (online)
|
| 086 |
0 |
|
|a GA 1.13:GAO-14-60
|
| 088 |
|
|
|a GAO-14-60
|
| 110 |
1 |
|
|a United States.
|b Government Accountability Office,
|e issuing body.
|
| 240 |
1 |
0 |
|a DOD financial management (2014 May)
|
| 245 |
1 |
0 |
|a DOD financial management :
|b improvements needed in Army's efforts to ensure the reliability of Its statement of budgetary resources : Report to Congressional committees.
|
| 246 |
3 |
|
|a Department of Defense financial management :
|b improvements needed in Army's efforts to ensure the reliability of Its statement of budgetary resources
|
| 246 |
3 |
0 |
|a Improvements needed in Army's efforts to ensure the reliability of its statement of budgetary resources
|
| 264 |
|
1 |
|a [Washington, D.C.] :
|b United States Government Accountability Office,
|c 2014.
|
| 300 |
|
|
|a 1 online resource (ii, 49 pages) :
|b color illustrations
|
| 336 |
|
|
|a text
|b txt
|2 rdacontent
|
| 337 |
|
|
|a computer
|b c
|2 rdamedia
|
| 338 |
|
|
|a online resource
|b cr
|2 rdacarrier
|
| 500 |
|
|
|a Title from title screen (viewed Mar. 10, 2015).
|
| 500 |
|
|
|a "May 2014."
|
| 504 |
|
|
|a Includes bibliographical references.
|
| 500 |
|
|
|a "GAO-14-60."
|
| 610 |
1 |
0 |
|a United States.
|b Army
|x Appropriations and expenditures.
|
| 610 |
1 |
0 |
|a United States.
|b Army
|x Accounting
|x Evaluation.
|
| 610 |
1 |
0 |
|a United States.
|b Army
|x Auditing
|x Evaluation.
|
| 856 |
4 |
0 |
|u https://purl.fdlp.gov/GPO/gpo44576
|t 0
|
| 856 |
4 |
0 |
|u http://purl.fdlp.gov/GPO/gpo44576
|t 0
|
| 999 |
f |
f |
|s e77ddaf1-dcfa-3b22-b32c-9678ef91fed5
|i 97bc78aa-fce4-3d82-b8b7-58122a7f4049
|t 0
|
| 952 |
f |
f |
|a Texas A&M University
|b College Station
|c Electronic Resources
|d Available Online
|t 0
|e GA 1.13:GAO-14-60
|h Superintendent of Documents classification
|
| 998 |
f |
f |
|a GA 1.13:GAO-14-60
|t 0
|l Available Online
|